| 000 | 01022cam a2200289 i 4500 | ||
|---|---|---|---|
| 001 | 17697430 | ||
| 003 | ARRUPE | ||
| 005 | 20140122103952.0 | ||
| 008 | 130412s2013 miu b 001 0 eng | ||
| 010 | _a 2013006753 | ||
| 020 | _a9780802869333 (pbk. : alk. paper) | ||
| 040 |
_aDLC _beng _cDLC _erda |
||
| 042 | _apcc | ||
| 043 | _ae------ | ||
| 050 | 0 | 0 |
_aBX1490 _b.S36 2013 |
| 082 | 0 | 0 |
_a230/.2 _223 |
| 100 | 1 |
_aSchindler, D. C. _96877 |
|
| 245 | 1 | 4 |
_aThe Catholicity of reason / _cD.C. Schindler. |
| 300 |
_axiv, 358 pages ; _c23 cm |
||
| 490 | 0 | _aRessourcement : retrieval and renewal in Catholic thought | |
| 504 | _aIncludes bibliographical references and index. | ||
| 610 | 2 | 0 |
_aCatholic Church _zEurope _xHistory _y20th century. _96878 |
| 610 | 2 | 0 |
_aCatholic Church _xHistory of doctrines. _96879 |
| 906 |
_a7 _bcbc _corignew _d1 _eecip _f20 _gy-gencatlg |
||
| 942 |
_2lcc _cMONOGRAPH |
||
| 999 |
_c119633 _d119633 |
||